| 000 | 00491 a2200193 4500 | ||
|---|---|---|---|
| 003 | OSt | ||
| 005 | 20180116182906.0 | ||
| 008 | 160426b xxu||||| |||| 00| 0 eng d | ||
| 020 | _a614561456145 | ||
| 040 | _c0 | ||
| 082 | _a111 | ||
| 100 | _aShirisha,Regani. | ||
| 110 | _aICFAI | ||
| 245 |
_aNokia-Fostering Innovation _cICMR Case Collection |
||
| 250 | _aHROB 023 | ||
| 260 |
_aIndia _bICFAI Center for Management Research _c2003 |
||
| 300 | _a30p | ||
| 942 |
_aNBS _cCS _k111 ICF _2ddc |
||
| 999 |
_c347982 _d347982 |
||